[Event "EU-ch U12 30th"]
[Site "Antalya"]
[Date "2022.11.10"]
[Round "5"]
[White "Doganay, Kerem Gokalp"]
[Black "Asikainen, Eeli"]
[Result "0-1"]
[WhiteElo "1223"]
[BlackElo "1840"]
[PlyCount "48"]
[EventDate "2022.11.06"]
[EventType "swiss"]
[EventRounds "9"]
[EventCountry "TUR"]
[SourceTitle "EXT 2024"]
[Source "ChessBase"]
[SourceDate "2023.10.10"]
[SourceVersion "1"]
[SourceVersionDate "2023.10.10"]
[SourceQuality "1"]

1. d4 d5 2. Nf3 e6 3. e3 c5 4. b3 Nf6 5. Bd3 Nc6 6. Bb2 Be7 7. 0-0 0-0 8. Nbd2 b6 9. a3 Bb7 10. Ne5 Nxe5 11. dxe5 Nd7 12. Qg4 Qe8 13. Qh3 g6 14. f4 Rc8 15. f5 exf5 16. Bxf5 gxf5 17. Qg3+ Kh8 18. Rxf5 d4 19. Raf1 Rg8 20. exd4 Rxg3 21. hxg3 cxd4 22. Bxd4 Bc5 23. Bxc5 Rxc5 24. Rxf7 Rxe5 0-1

[Event "EU-ch U12 30th"]
[Site "Antalya"]
[Date "2022.11.07"]
[Round "2"]
[White "Tregubenko, Nikolay"]
[Black "Doganay, Kerem Gokalp"]
[Result "1/2-1/2"]
[WhiteElo "1854"]
[BlackElo "1223"]
[PlyCount "88"]
[EventDate "2022.11.06"]
[EventType "swiss"]
[EventRounds "9"]
[EventCountry "TUR"]
[SourceTitle "EXT 2024"]
[Source "ChessBase"]
[SourceDate "2023.10.10"]
[SourceVersion "1"]
[SourceVersionDate "2023.10.10"]
[SourceQuality "1"]

1. e4 c5 2. Nf3 Nc6 3. d4 cxd4 4. Nxd4 g6 5. c4 Nf6 6. Nc3 d6 7. Be2 Nxd4 8. Qxd4 Bg7 9. h3 0-0 10. Qe3 Be6 11. 0-0 Qc8 12. Nd5 Bxd5 13. exd5 Re8 14. Rb1 Qc7 15. a4 Nd7 16. b3 Qc5 17. b4 Qc7 18. a5 b6 19. Qa3 Ne5 20. c5 dxc5 21. bxc5 Qxc5 22. Qxc5 bxc5 23. f4 Nd7 24. Rb7 Nf6 25. Bc4 Ne4 26. Bb5 Rab8 27. a6 Red8 28. Bc6 Rxb7 29. axb7 Bd4+ 30. Kh2 Rb8 31. Re1 f5 32. Be3 Bxe3 33. Rxe3 c4 34. Ra3 c3 35. Rxa7 c2 36. Ra8 c1Q 37. Rxb8+ Kf7 38. Rf8+ Kxf8 39. b8Q+ Kf7 40. Qe8+ Kg7 41. Qxe7+ Kh6 42. Qh4+ Kg7 43. Qe7+ Kh6 44. Qh4+ Kg7 1/2-1/2